000 00541nam a2200181Ia 4500
008 240925s9999 xx 000 0 und d
020 _a72127732
082 _a005.8 HAT
100 _aHatch, Brian; Lee, James; Kurtz George
245 0 _aHacking Linux Exposed: linux security secrets & solutions
250 _aNA
260 _aNew York:
_bMc Graw HIll
_c,2001.
300 _axiii,412p.
_bNA
_fOriginal
500 _aIncludes Index
600 _aComputer Science
650 _aComputer science, information & general works
942 _cBK
999 _c7127
_d7127